000 00535nam a2200169 i 4500
001 185318
003 ES-MaACL
005 20230906222412.0
007 t|
008 160520s1958 fr ||||1| fre d
110 2 _aYvert et Tellier.
_9159578
245 1 0 _aCatalogue de timbres-poste [enús dans le monde entier depuis 1840] :
_bsoixante-deuxième année.
260 _aAmiens :
_bYvert et Tellier,
_c1958.
300 _a3 v. :
_bil. ;
_c21 cm.
650 _aSellos de correos-
_vCatálogos.
_917032
852 _aES-MaACL
_jC-12411-13
999 _c185318
_d185318